April blood : Florence and the plot against the Medici /
| מחבר ראשי: | |
|---|---|
| פורמט: | ספר |
| שפה: | English |
| יצא לאור: |
Oxford ; New York :
Oxford University Press,
2003.
|
| נושאים: | |
| גישה מקוונת: | Book review (H-Net) Table of contents only Publisher description Contributor biographical information |
| Classic Catalogue: | View this record in Classic Catalogue |
| LEADER | 01628nam a2200361 a 4500 | ||
|---|---|---|---|
| 001 | 29013 | ||
| 003 | BD-DhAAL | ||
| 005 | 20181209114203.0 | ||
| 008 | 150320s2003 enkab b 001 0ceng | ||
| 999 | |c 34119 |d 34119 | ||
| 010 | |a 2002153155 | ||
| 020 | |a 0195152956 (alk. paper) | ||
| 040 | |a DLC |c DLC |d DLC |d BD-DhAAL | ||
| 042 | |a pcc | ||
| 050 | 0 | 0 | |a DG737.9 |b .M376 2003 |
| 082 | 0 | 0 | |a 945.5105 |2 21 |
| 100 | 1 | |a Martines, Lauro. |9 9965 | |
| 245 | 1 | 0 | |a April blood : |b Florence and the plot against the Medici / |c Lauro Martines. |
| 260 | |a Oxford ; |a New York : |b Oxford University Press, |c 2003. | ||
| 300 | |a xviii, 302 pages : |b illustrations, maps ; |c 23 cm. | ||
| 504 | |a Includes bibliographical references (p. 282-292) and index. | ||
| 541 | |e 29013 | ||
| 600 | 1 | 0 | |a Medici, Lorenzo de', |d 1449-1492. |9 9966 |
| 600 | 3 | 0 | |a Medici, House of. |9 9967 |
| 650 | 0 | |a Statesmen |z Italy |z Florence |v Biography. |9 9968 | |
| 650 | 0 | |a Nobility |z Italy |z Florence |v Biography. |9 9969 | |
| 651 | 0 | |a Florence (Italy) |x History |y 1421-1737. |9 9970 | |
| 856 | 4 | 2 | |3 Book review (H-Net) |u http://www.h-net.org/review/hrev-a0d9j9-aa |
| 856 | 4 | 1 | |3 Table of contents only |u http://www.loc.gov/catdir/toc/fy038/2002153155.html |
| 856 | 4 | 2 | |3 Publisher description |u http://www.loc.gov/catdir/enhancements/fy0613/2002153155-d.html |
| 856 | 4 | 2 | |3 Contributor biographical information |u http://www.loc.gov/catdir/enhancements/fy0723/2002153155-b.html |
| 942 | |2 ddc |c BK |0 1 | ||
| 952 | |0 0 |1 0 |2 ddc |4 0 |6 945_510500000000000_MAR |7 0 |9 53245 |a BRACUL |b BRACUL |c GEN |d 2015-03-20 |e Trim Education |g 1560.00 |l 8 |m 23 |o 945.5105 MAR |p 3010029013 |r 2025-06-17 |s 2025-05-27 |t 1 |w 2015-03-20 |y BK | ||